| 000 | 00926nam a2200265 a 4500 | ||
|---|---|---|---|
| 001 | 65880 | ||
| 003 | BD-RjUL | ||
| 005 | 20211209081458.0 | ||
| 008 | 170313s1987 nyu b 001 0 eng | ||
| 020 | _a0471836311 | ||
| 035 | _a(BD-RjUL)66010 | ||
| 040 |
_aDLC _cDLC _dBD-RjUL _beng |
||
| 041 | _aeng | ||
| 082 | 0 | 0 |
_a005.133 _223 _bSIM 1987 |
| 100 | 1 |
_aSincovec, Richard. _9194819 |
|
| 245 | 1 | 0 |
_aModula-2 software components / _cRichard F. Sincovec, Richard S. Wiener. |
| 260 |
_aNew York : _bWiley, _cc1987. |
||
| 300 |
_axii, 363 p. ; _c24 cm. + _e1 computer disk (5 1/4 in.) |
||
| 500 | _aSystem requirements for computer disk: IBM PC, XT, AT, or compatible machines; MS-DOS; 2 disk drives or hard disk. | ||
| 500 | _a"A Wiley-Interscience publication." | ||
| 504 | _aBibliography: p. 11. | ||
| 650 | 0 |
_aModula-2 (Computer program language) _9194820 |
|
| 700 | 1 |
_aWiener, Richard, _d1941- _9194821 |
|
| 942 |
_2ddc _cBK |
||
| 999 |
_c65880 _d65880 |
||